000 00806nam a2200253Ia 4500
003 OSt
005 20220923224945.0
006 a|||||r|||| 00| 0
007 ta
008 220922b |||||||| |||| 00| 0 hin d
024 _a254,263
037 _cTextual
040 _aARTS
_cARTS
_bhin
041 _2hin
_ahin
082 _aO152,3N325,JG, M5
100 _aमिश्र, रामप्रसाद
245 0 _aजागता गॉंव
246 _aJāgatā gaॉanva
260 _aदिल्ली
_b प्रेम प्रकाशन मन्दिर
_c1985
300 _a246पृ.
_ccm.
650 _aहिन्दी कहानी
942 _hO152,3N325,JG, M5
_cTEXL
_2CC
999 _c374976
_d374976